<The> Role of strategic analysis in the process of the enterprise valuation

Salvato in:
Dettagli Bibliografici
Autore principale: Harumová, Anna, 1955-
Altri autori: Londák, Ján
Natura: Capitolo di libro
Lingua:inglese
Soggetti:
Tags: Aggiungi Tag
Nessun Tag, puoi essere il primo ad aggiungerne!!

MARC

LEADER 00000nla a2200000 4500
001 0223742
005 20240502073648.8
041 0 |a eng 
044 |a SK 
245 1 0 |a <The> Role of strategic analysis in the process of the enterprise valuation  |c Anna Harumová, Ján Londák 
610 2 0 |a oceňovanie 
610 2 0 |a hodnota 
610 2 0 |a hodnota trhová 
610 2 0 |a podnik 
610 2 0 |a analýzy 
100 1 |a Harumová, Anna, 1955- 
700 1 |a Londák, Ján